=LDR 00000nam 2200000 4500 =001 INLIS000000000035880 =005 20130612141714 =008 ***********************************Ind** =035 ##$$0010-061300000035880 =041 ##$$a Ind =082 ##$$a 323.4 =090 ##$$a 323.4, Elm =100 ##$$a El muhtaj, Majda =245 ##$$a Dimensi-Dimensi HAM, Mengurai hak Ekonomi sosila dan Budaya =260 ##$$a 2008 $b Rajawali Pers =300 ##$$a 373 hlm, 23 cm =850 ##$$a NBPNMAT